| 000 | 01107nam a2200325Ia 4500 | ||
|---|---|---|---|
| 999 |
_c200427916 _d45840 |
||
| 003 | TR-AnTOB | ||
| 005 | 20190322123634.0 | ||
| 008 | 070709s2005 ws b 000 0 eng d | ||
| 040 |
_aTR-AnTOB _beng _cTR-AnTOB _dTR-AnTOB _erda |
||
| 041 | _aeng | ||
| 050 | 0 | 0 |
_aJZ4841 _b.W67 2007-2009 |
| 090 |
_aJZ4841 _b.W67 2007-2009 |
||
| 110 | 2 | _aWorld Bank. | |
| 245 | 1 | 0 |
_aWorld Bank Civil Society organizations / _cWorld Bank. |
| 264 |
_aWashington: _bWorld Bank, _c2005. |
||
| 300 |
_axii, 61 pages; _c28 cm. |
||
| 336 |
_2rdacontent _atext |
||
| 337 |
_2rdamedia _aunmediated |
||
| 338 |
_2rdacarrier _avolume |
||
| 504 | _aIncludes bibliographical references (p. 39-44). | ||
| 590 | _aDonated by Dünya Bankası/TEPAV. | ||
| 650 | 0 | _aNon-govermental organizations. | |
| 710 | 2 | _aCivil Society Team. | |
| 710 | 2 | _aExternal Affairs Communications and United Nations Affairs. | |
| 710 | 2 | _aEnviromentally and Socially Sustainable Development Network. | |
| 710 | 2 | _aOperations Policy and Country Services Network. | |
| 730 | 0 | 2 | _aERI Collection. |
| 942 |
_2lcc _cBK |
||